Vybrané kapitoly z histórie daňového práva - od spotrebných daní k dani z pridanej hodnoty

Úloha spotrebných daní od ich vzniku v období feudalizmu. Prvé formy spotrebného zdanenia na našom území. Daň z obratu ako východisko pre neskorší systém spotrebného zdanenia. Podstata a mechanizmus dane z pridanej hodnoty. Platná právna úprava dane z pridanej hodnoty v Slovenskej republike. Základn...

ver descrição completa

Na minha lista:
Detalhes bibliográficos
Autor principal: Grúň, Ľubomír
Formato: Capítulo de Livro
Idioma:eslovaco
Assuntos:
Tags: Adicionar Tag
Sem tags, seja o primeiro a adicionar uma tag!

MARC

LEADER 00000naa a2200000 4500
001 r038006
005 20230929080807.0
041 0 |a slo 
044 |a SK 
245 1 0 |a Vybrané kapitoly z histórie daňového práva - od spotrebných daní k dani z pridanej hodnoty  |c Ľubomír Grúň 
520 |a Úloha spotrebných daní od ich vzniku v období feudalizmu. Prvé formy spotrebného zdanenia na našom území. Daň z obratu ako východisko pre neskorší systém spotrebného zdanenia. Podstata a mechanizmus dane z pridanej hodnoty. Platná právna úprava dane z pridanej hodnoty v Slovenskej republike. Základné prvky dane z pridanej hodnoty. 
610 2 0 |a právo daňové 
610 2 0 |a dane 
610 2 0 |a dane spotrebné 
610 2 0 |a dane z hodnoty pridanej 
610 2 0 |a história 
610 2 0 |a systémy daňové 
610 2 0 |a úpravy právne 
610 2 0 |a Slovensko 
100 1 |a Grúň, Ľubomír